| 000 | 00897nas a2200313 4500 | ||
|---|---|---|---|
| 001 | BR0500646 | ||
| 003 | BR-BrBNA | ||
| 005 | 20231205105118.0 | ||
| 007 | ta | ||
| 008 | 230509b bl.|||p| |||| 00| 00por d | ||
| 040 |
_aBR-BrBNA _bpor _cBiblioteca Nacional de Agricultura |
||
| 041 | _a(Pt) | ||
| 072 | _aE10; F08 | ||
| 100 | 1 | _aSantos, A.J. dos | |
| 100 | 1 | _aLeal, A.C. | |
| 100 | 1 | _aGraça, L.R. | |
| 100 | 1 | _aCarmo, A.P.C. do | |
| 245 | 1 | _aViabilidade econômica do sistema agroflorestal grevílea x café na região Norte do Paraná | |
| 650 | _aGREVILHA | ||
| 650 | _aCAFÉ | ||
| 650 | _aANÁLISE ECONÔMICA | ||
| 650 | _aCAFÉ | ||
| 650 | _aPRODUÇÃO VEGETAL | ||
| 650 | _aAGROSSILVICULTURA | ||
| 650 | _aPARANÁ | ||
| 773 | 0 |
_tCerne (Brazil) _xISSN 0104-7760 _g(2000), v. 6(1) p. 89-100 _wBR0500646 |
|
| 909 |
_a202311 _bLúcia _c55 _dLúcia Elande |
||
| 942 |
_2AGRIS _n0 _cANA |
||
| 999 |
_c181304 _d181304 |
||